Terytoria autonomiczne - Statystyki

Ogólne statystyki
  • Ten quiz został rozwiązany 132 razy
  • Średni wynik to 16 z 44
Statystyki odpowiedzi
Państwo Terytorium % Poprawnych
Mołdawia Naddniestrze
74%
Izrael Palestyna
74%
Ukraina Krym
71%
Gruzja Abchazja
70%
Włochy Sycylia
70%
Wielka Brytania Szkocja
68%
Azerbejdżan Górski Karabach
67%
Włochy Sardynia
67%
Wielka Brytania Walia
66%
Chiny Hong kong
65%
Wielka Brytania Irlandia Północna
65%
Chiny Tybet
61%
Serbia Kosowo
60%
Rosja Czeczenia
58%
Chiny Makau
54%
Irak Kurdystan
49%
Tanzania Zanzibar
45%
Portugalia Azory
41%
Portugalia Madera
38%
Rosja Osetia Północna
37%
Finlandia Wyspy Alandzkie
37%
Serbia Wojwodina
35%
Włochy Wenecja
29%
Mołdawia Gagauzja
27%
Rosja Tatarstan
26%
Wyspy Świętego Tomasza i Książęca Wyspa Książęca
24%
Indonezja Papua
23%
Gruzja Adżaria
17%
Chiny Mongolia Wewnętrzna
17%
Rosja Tuwa
15%
Korea Południowa Czedżu
12%
Włochy Dolina Aosty
12%
Grecja Góra Athos
12%
Uzbekistan Karakałpacja
12%
Azerbejdżan Nachiczewańska Republika
12%
Papua-Nowa Gwinea Wyspa Bougainville
12%
Filipiny Mindanao
11%
Mauritius Rodrigues
10%
Indonezja Aceh
9%
Włochy Trydent-Górna Adyga
8%
Tadżykistan Badachszan
7%
Chiny Kuangsi
7%
Nikaragua Wybrzeże Karaibskie Północne
7%
Nikaragua Wybrzeże Karaibskie Południowe
7%
Nie znaleziono quizów pasujących do podanych kryteriów
Rozkład punktacji
Procent ludzi z każdym wynikiem
Percentyl według liczby udzielonych odpowiedzi
Twoja historia wyników
Nie rozwiązałeś tego quizu